| 000 | 00461 a2200169 4500 | ||
|---|---|---|---|
| 999 |
_c9105 _d9105 |
||
| 020 | _a9781472447821 | ||
| 050 | _aKZD 1145 LYA 2018 | ||
| 100 | _aLyall, Francis | ||
| 245 |
_aSpace law: _ba treatise _cFrancis Lyall and Paul B.Larsen |
||
| 250 | _a2nd ed. | ||
| 264 |
_aNew York: _bRoutledge Taylor & Francis, _c2018 |
||
| 300 | _a531p.: | ||
| 500 | _aincludes index | ||
| 650 | _aSpace law | ||
| 700 | _aLarsen Paul B. | ||
| 942 |
_2lcc _cBK _e2nd _h1145 _iLYA _kKZD |
||